000 00992cab a2200193 4500
001 L129251
008 050404n2005 000 0 eng u
035 _a(Sirsi) u129251
041 _aeng
100 _aMoon, David
245 _aAction on waste
260 _c2005
490 _aRICS Building Control
_vApril 2005, 6-9(4)
520 _aOutlines the chances to use recycled materials in buildings in the context of the May 2004 Sustainable Buildings Task Group's recommendation for a minimum requirement for recovered materials in buildings projects. Notes that the Waste and Resources Action Programme has recently published two reference guides for commercial buildings and house building that quantify the opportunities to increase recycled content. These include switching to an alternative design/specification and product substitution.
590 _aIKA150405
650 _aBRE GREEN GUIDE TO SPECIFICATION
690 _aBUILT ENVIRONMENT-SUSTAINABLE CONSTRUCTION
942 _n0
999 _c75020
_d75020